000 00376nam a2200145Ia 4500
008 231129s1996||||xx |||||||||||||| ||spa||
020 _a958-04-2390-3
040 _bspa
082 _a(i) 808.068543 I35L
100 _aInkiow Dimiter
245 0 _aYo Clara y el perro sabueso
260 _c1996
264 _aNorma
942 _2ddc
_cBKS
999 _c26495
_d26495